Представление документа в формате RUSMARC

ПолеНазваниеЗначение
  Тип записи a
  Библиографический уровень m
001 Контрольный номер RU\bookru\bibl\920266
003 Постоянный идентификатор записи http://www.book.ru/book/920266
005 Дата корректировки 20161026112537.4
010 Индекс ISBN __
a ISBN 978-5-406-05558-8
100 Данные общей обработки 0_
a Данные общей обработки 20160624d2017 mk y0rusy50 ca
101 Язык документа 0_
a Язык текста Русский
102 Страна публикации __
a Страна публикации RU
105 Кодированные данные (монография) __
a Кодированные данные (монография) y ||||000yy
200 Заглавие и сведения об ответственности 1_
a Заглавие Экономическая теория
210 Выходные данные __
a Место издания Москва
c Издательство КноРус
d Дата издания 2017
215 Физическое описание __
a Объем 792
330 Аннотация __
a Аннотация "Учебник написан на основе отечественной и зарубежной литературы. Содержит все основные темы курса, определенные в Государственном образовательном стандарте.В доступной форме излагаются сложнейшие теоретические проблемы рыночной экономики вкупе с российской действительностью. Узловые проблемы экономической теории изложены по принципу: «максимум знаний — минимум времени». Акцент сделан на раскрытие сущности и роли экономических теорий и экономических законов в практике рыночной экономики. Для студентов, аспирантов, обучающихся по экономическим специальностям, преподавателей, а также для тех, кто изучает экономическую теорию в рамках естественного и гуманитарного образования."
606 Тематические рубрики __
a Основная рубрика Экономические науки в целом. Экономическая теория
2 Код системы local
608 Указатель предметных рубрик __
a Жанр/форма Учебник
2 Код системы local
675 Индекс УДК __
a Индекс УДК 330(075.8)
z Язык издания rus
686 Индексы других классификаций __
a Классификационный индекс 65.01я73
2 Код системы rubbk
700 Автор _1
a Фамилия Носова С.С.
801 Источник записи _1
a Страна RU
b Организация book_ru
c Дата составления 20160624
g Правила каталогизации RCR
856 Электронный адрес документа 4_
u Универсальный указатель ресурса (URL) http://www.book.ru/book/920266
951 __
a http://www.book.ru/book/920266